=LDR 00000nam 2200000 4500 =001 INLIS000000000048273 =005 20161017155734.0 =006 =007 =008 =020 ##$$a 979-683-278-x =035 ##$$0010-101600000000031 =082 ##$$a 658.rid.m =084 ##$$a 658.rid.m =090 ##$$a 658.rid.m =100 ##$$aprof.Dr. ridwan S =245 ##$$a manajeman keuangan dua =250 ##$$a 2002,2001 =260 ##$$a PT Ikrar Mandiri Abadi =300 ##$$a 21 cm,419 hlm